Statistiques concernant Palmarès du PGA Tour 2023

Cliquez ici pour prendre le quiz!

Statistiques générales

  • Ce quiz a été pris 4 fois
  • Le résultat moyen est 18 sur 50

Statistiques - réponses

DateTournoiVainqueur% Correct
18 mai - 21 maiPGA ChampionshipBrooks Koepka
67%
5 janvier - 8 janvierSentry Tournament of ChampionsJon Rahm
67%
6 avril - 9 avrilThe MastersJon Rahm
67%
19 janvier - 22 janvierThe American ExpressJon Rahm
67%
16 février - 19 févrierThe Genesis InvitationalJon Rahm
67%
22 juin - 25 juinTravelers ChampionshipKeegan Bradley
67%
10 août - 13 aoûtFedEx St. Jude ChampionshipLucas Glover
67%
3 août - 6 aoûtWyndham ChampionshipLucas Glover
67%
8 décembre - 10 décembreGran Thornton InvitationalLydia Ko
67%
25 janvier - 28 janvierFarmers Insurance OpenMax Homa
67%
8 juin - 11 juinRBC Canadian OpenNick Taylor
67%
13 juillet - 16 juilletGenesis Scottish OpenRory McIlroy
67%
30 novembre - 3 décembreHero World ChallengeScottie Scheffler
67%
9 mars - 12 marsThe Players ChampionshipScottie Scheffler
67%
9 février - 12 févrierWM Phoenix OpenScottie Scheffler
67%
24 août - 27 aoûtTour ChampionshipViktor Hovland
67%
1 juin - 4 juinThe Memorial TournamentViktor Hovland
67%
17 août - 20 aoûtBMW ChampionshipViktor Hovland
67%
20 juillet - 23 juilletThe 151st British OpenBrian Harman
33%
9 novembre - 12 novembreButterfield Bermuda ChampionshipCamillo Villegas
33%
23 février - 26 févrierThe Honda ClassicChris Kirk
33%
19 octobre - 22 octobreZozo ChampionshipCollin Morikawa
33%
20 avril - 23 avrilZurich Classic of New OrleansDavis Riley
33%
25 mai - 28 maiCharles Schwab ChallengeEmiliano Grillo
33%
14 décembre - 17 décembreQ-SchoolHarrison Endycott
33%
11 mai - 14 maiAT&T Byron NelsonJason Day
33%
8 décembre - 10 décembreGran Thornton InvitationalJason Day
33%
9 mars - 12 marsArnold Palmer InvitationalKurt Kitayama
33%
13 avril - 16 avrilRBC HeritageMatt Fitzpatrick
33%
29 juin - 2 juilletRocket Mortgage ClassicRickie Fowler
33%
22 mars - 26 marsWGC-Dell Technologies Match PlaySam Burns
33%
12 janvier - 15 janvierSony Open in HawaiiSi Woo Kim
33%
12 octobre - 15 octobreShriners Children's OpenTom Kim
33%
27 avril - 30 avrilMexico Open at VidantaTony Finau
33%
15 juin - 18 juinU.S OpenWyndham Clark
33%
4 mai - 7 maiWells Fargo ChampionshipWyndham Clark
33%
20 juillet - 23 juilletBarracuda ChampionshipAkshay Bhatia
0%
30 mars - 2 avrilValero Texas OpenCorey Conners
0%
2 novembre - 5 novembreWorld Wide Technology ChampionshipErik van Rooyen
0%
2 février - 5 févrierAT&T Pebble Beach Pro-AmJustin Rose
0%
27 juillet - 30 juillet3M OpenLee Hodges
0%
16 novembre - 19 novembreThe RSM ClassicLudvig Aberg
0%
5 octobre - 8 octobreSanderson Farms ChampionshipLuke List
0%
23 mars - 26 marsCorales Puntacana ChampionshipMatt Wallace
0%
20 avril - 23 avrilZurich Classic of New OrleansNick Hardy
0%
2 mars - 5 marsPuerto Rico OpenNico Echavarria
0%
14 septembre - 17 septembreFortinet ChampionshipSahith Theegala
0%
6 juillet - 9 juilletJohn Deere ClassicSepp Straka
0%
16 mars - 19 marsValspar ChampionshipTaylor Moore
0%
13 juillet - 16 juilletBarbasol ChampionshipVincent Norrman
0%

Distribution des résultats

Percentile par nombre de réponses

% des personnes avec chaque résultat

Votre développement - résultats

Vous n’avez pas pris ce quiz